Logo BPK

Biblioteka

Politechniki Koszalińskiej

Prawo ochrony środowiska Wspólnoty Europejskiej. (Rekord nr 31406)

Szczegóły MARC
000 -ETYKIETA REKORDU
podpole kontrolne o stałej długości 01110nam a2200265 i 4500
001 - NUMER KONTROLNY REKORDU
pole kontrolne bg
020 ## - MIĘDZYNARODOWY ZNORMALIZOWANY NUMER KSIĄŻKI - ISBN
ISBN 8386467320 (supl.2)
020 ## - MIĘDZYNARODOWY ZNORMALIZOWANY NUMER KSIĄŻKI - ISBN
ISBN 8386467002 (t.1-7, supl. 1-2)
040 ## - ŹRÓDŁO KATALOGOWANIA
Instytucja, która utworzyła rekord BPK
041 1# - KOD JĘZYKA
Kod języka tekstu pl
080 ## - UNIWERSALNA KLASYFIKACJA DZIESIĘTNA - UKD
UKD 504:349.6](4)(094)
920 ## - Międzynarodowy znormalizowany numer książki – ISBN
ISBN 83-86467-32-0 ((supl.2))
920 ## - Międzynarodowy znormalizowany numer książki – ISBN
ISBN 83-86467-00-2 ((t.1-7, supl. 1-2))
008 - POLE O STAŁEJ DŁUGOŚCI - DANE KONTROLNE
podpole kontrolne o stałej długości s pl f |000 0 pol
245 00 - TYTUŁ/ODPOWIEDZIALNOŚĆ
Tytuł Prawo ochrony środowiska Wspólnoty Europejskiej.
Oznaczenie części/sekcji dzieła Supl. 2,
Tytuł części/sekcji dzieła Chemikalia, zagrożenia przemysłowe i biotechnologie, przyroda, hałas, odpady, woda /
Pozostałe elementy strefy tytułu i oznaczenia odpowiedzialności [red. Janusz Żurek et al. ; tł. z ang. Krzysztof Brzózka, Roman Tertil, Stanisław Węglarczyk] ; Min. Ochrony Środowiska, Zasobów Naturalnych i Leśnictwa, [Instytut Ochrony Środowiska.
260 ## - STREFA ADRESU WYDAWNICZEGO
Miejsce wydania Warszawa :
Nazwa wydawcy/dystrybutora "GEA",
Data publikacji, dystrybucji/powstania dokumentu cop. 1997.
300 ## - STREFA OPISU FIZYCZNEGO
Objętość XXX, 567 s. ;
Rozmiary 24 cm.
650 #9 - HASŁO PRZEDMIOTOWE W FORMIE NAZWY OGÓLNEJ LUB JEDNOSTKOWEJ
Nazwa ogólna lub geograficzna Prawo wspólnotowe europejskie
650 #9 - HASŁO PRZEDMIOTOWE W FORMIE NAZWY OGÓLNEJ LUB JEDNOSTKOWEJ
Nazwa ogólna lub geograficzna Środowisko człowieka
Określnik ogólny ochrona
-- prawo
Określnik geograficzny Europa
700 1# - HASŁO DODATKOWE - NAZWA OSOBOWA
Nazwa osobowa ŻUREK, Janusz.
Określenie związku między hasłem a opisywanym materiałem Red.
700 1# - HASŁO DODATKOWE - NAZWA OSOBOWA
Nazwa osobowa BRZÓZKA, Krzysztof.
Określenie związku między hasłem a opisywanym materiałem Tł.
700 1# - HASŁO DODATKOWE - NAZWA OSOBOWA
Nazwa osobowa TERTIL, Roman.
Określenie związku między hasłem a opisywanym materiałem Tł.
700 1# - HASŁO DODATKOWE - NAZWA OSOBOWA
Nazwa osobowa WĘGLARCZYK, Stanisław.
Określenie związku między hasłem a opisywanym materiałem Tł.
856 ## - LOKALIZACJA I DOSTĘP DO ELEKTRONICZNYCH DOKUMENTÓW ZDALNYCH
Link (URL) http://koha.tu.koszalin.pl/cgi-bin/koha/opac-detail.pl?biblionumber=31406
Tekst linku Katalog online BPK
942 ## - DODATKOWE ELEMENTY (KOHA)
Typ dokumentu Książka
Egzemplarze
Wycofany Status egzemplarza Uszkodzony Dostępność Lokalizacja stała Lokalizacja bieżąca Miejsce przechowywania Sygnatura Kod kreskowy Dział Typ dokumentu
      Tylko na miejscu Biblioteka Politechniki Koszalińskiej Biblioteka Politechniki Koszalińskiej Czytelnia BG 38749 01218329 349.6 Prawo ochrony środowiska Książka
      Dostępny Biblioteka Politechniki Koszalińskiej Biblioteka Politechniki Koszalińskiej Wypożyczalnia BG 38759 01218312   Książka
© 2023 Biblioteka Politechniki Koszalińskiej :: KOHA